Finde die 20 häufigsten Passwörter der Welt 🔐💻 - Statistiken

Allgemein
  • Dieses Quiz wurde 173 mal gespielt
  • Das Durchschnittsergebnis liegt bei 7 aus 21
Antwortstatistiken
Hint Antwort % Korrekt
# 1234
100%
# 12345
86%
# 123456
86%
# 1234567
85%
# 12345678
84%
# 123456789
83%
# Passwort
67%
# 111111
40%
# 000000
37%
# password
35%
# qwertz
15%
# password1
7%
# 123123
5%
# abc123
4%
# admin
3%
# iloveyou
3%
# 123321
1%
# 1q2w3e4r
1%
# qwertz123
1%
# letmein
0%
# monkey
0%
Keine übereinstimmenden Quizze gefunden
Verteilung der Resultate
Anzahl Personen mit jedem Resultat
Perzentil nach korrekt beantworteten Fragen
Ihre Resultats-Entwicklung
Sie haben dieses Quiz noch nicht gespielt